<?xml version="1.0" encoding="UTF-8"?>
<marc:record xmlns:marc="http://www.loc.gov/MARC21/slim">
   <marc:leader>00000nam a2200000 a 4500</marc:leader>
   <marc:datafield ind1="1" ind2=" " tag="100">
      <marc:subfield code="a">Beyer, Silvia</marc:subfield>
      <marc:subfield code="4">aut</marc:subfield>
      <marc:subfield code="e">Verfasser/-in</marc:subfield>
   </marc:datafield>
   <marc:datafield ind1=" " ind2=" " tag="653">
      <marc:subfield code="a">Pubertät</marc:subfield>
   </marc:datafield>
   <marc:datafield ind1=" " ind2=" " tag="653">
      <marc:subfield code="a">Familienerziehung</marc:subfield>
   </marc:datafield>
   <marc:datafield ind1=" " ind2=" " tag="653">
      <marc:subfield code="a">Projektion</marc:subfield>
   </marc:datafield>
   <marc:datafield ind1=" " ind2=" " tag="653">
      <marc:subfield code="a">Alltag/Lebensführung</marc:subfield>
   </marc:datafield>
   <marc:datafield ind1=" " ind2=" " tag="653">
      <marc:subfield code="a">Persönliche Entwicklung</marc:subfield>
   </marc:datafield>
   <marc:datafield ind1=" " ind2=" " tag="653">
      <marc:subfield code="a">Ratgeber</marc:subfield>
   </marc:datafield>
   <marc:datafield ind1="0" ind2="0" tag="245">
      <marc:subfield code="a">Meine Kinder spiegeln mich</marc:subfield>
   </marc:datafield>
   <marc:datafield ind1="0" ind2="0" tag="245">
      <marc:subfield code="b">die Pubertät mit Hilfe der Spiegelgesetz-Methode leichter bewältigen</marc:subfield>
   </marc:datafield>
   <marc:datafield ind1="0" ind2="0" tag="245">
      <marc:subfield code="c">Silvia Beyer</marc:subfield>
   </marc:datafield>
   <marc:datafield ind1=" " ind2="1" tag="264">
      <marc:subfield code="a">Steyr</marc:subfield>
      <marc:subfield code="b">Ennsthaler</marc:subfield>
      <marc:subfield code="c">2007</marc:subfield>
   </marc:datafield>
   <marc:datafield ind1="1" ind2=" " tag="520">
      <marc:subfield code="a">Angaben aus der Verlagsmeldung

Meine Kinder spiegeln mich : Die Pubertät mit Hilfe der Spiegelgesetz-Methode(R) leichter bewältigen / von Silvia Beyer

Dieses Buch beruht hauptsächlich auf eigenen Erfahrungen der Autorin mit zwei eigenen und einem „angeheirateten“ Kind. Die Pubertät – oft so sehr gefürchtet von Eltern, dass man sie am liebsten aus der Welt schaffen oder umgehen würde. Leider geht das nicht, also muss man durch! Silvia Beyer-Brand zeigt in ihrem Ratgeber für Eltern pubertierender Teenies eine neue Alternative auf, wenn es darum geht, Verständnis aufzubringen. Aber nicht nur das. Mit Hilfe der Spiegelgesetz-Methode® nach Christa Kössner ist es sogar möglich, dass Eltern in unangenehmen oder abstoßenden Verhaltensweisen ihrer halb erwachsenen Kinder ein „Geschenk“ für sich selber heraus finden können. Keine Spiegelung ist purer Zufall … sondern eine Chance! Mit einer Prise Humor gewürzt, ist dieses Buch leicht zu lesende Lektüre mit bereicherndem Inhalt, wenn es für Eltern und deren Sprösslinge darum geht, gemeinsam eine der schwierigsten Entwicklungsphasen zu meistern.
</marc:subfield>
   </marc:datafield>
   <marc:datafield ind1=" " ind2=" " tag="020">
      <marc:subfield code="a">9783850687300</marc:subfield>
      <marc:subfield code="9">9783850687300</marc:subfield>
   </marc:datafield>
   <marc:datafield ind1=" " ind2=" " tag="020">
      <marc:subfield code="a">3850687309</marc:subfield>
      <marc:subfield code="9">3850687309</marc:subfield>
   </marc:datafield>
   <marc:datafield ind1=" " ind2=" " tag="041">
      <marc:subfield code="a">ger</marc:subfield>
   </marc:datafield>
   <marc:datafield ind1=" " ind2=" " tag="300">
      <marc:subfield code="a">104 S.</marc:subfield>
   </marc:datafield>
</marc:record>
